00807cam a2200229 a 4500999001500000001000500015003000900020005001700029008004100046020001600087020001800103040003800121082002000159100001500179245006700194260006900261300004100330504005100371650002500422942001200447952011800459 c2965d29656455BD-DhUAP20210130162717.0200301s1998 bg abf b f000 0 eng  a8178240173  a9788178240176 aBD-DhUAPcBD-DhUAPdBD-DhUAPbEng a720.954 LAN223 aLang, Jon. aA concise history of modern architecture in India /cJon Lang. aNew Delhi : bDistributed by Orient Longman Ltd., cop.,cc2002. a205 pages :billustrations ;c24 cm. aIncludes bibliographical references and index. aArchitecturezIndia. 2ddccBK 00102ddc4070aUAPCLbUAPCLcGeneral Stacksd2020-03-01o720.954 LANp3010006455r2020-03-01t1w2020-03-01yBK